| 000 | 01555nam a22002537a 4500 | ||
|---|---|---|---|
| 999 |
_c61236 _d61236 |
||
| 003 | Ge_BSU | ||
| 005 | 20240109162948.0 | ||
| 008 | 240109s2020ge xxu||||| |||| 00| 0 geo d | ||
| 020 | _a9789941822797 | ||
| 041 | _ageo | ||
| 080 | _a634.733 გ-21 | ||
| 100 |
_aგარსია სალაზარი, კარლოს, ავტორი. _920995 |
||
| 245 |
_aლურჯი მოცვის წარმოების ტექნოლოგია / _cავტორები: კარლოს გარსია სალაზარი და ანამარია გომეზ როდასი ; რედ. ზვიად ბობოქაშვილი. |
||
| 250 | _aI გამოცემა | ||
| 264 |
_aთბილისი, _c2020. |
||
| 300 |
_a228 გვ. : _b ილ. ; _c23 სმ. |
||
| 440 |
_aფერმერის გზამკვლევი _920996 |
||
| 501 | _aგამოცემულია აშშ საერთაშორისო განვითარების სააგენტოს (USAID) მიერ გაწეული დახმარების შედეგად. | ||
| 653 | _aმოცვის მოვლა-მოყვანა | ||
| 653 | _aმებარეობა ზოგადად.მეხილეობა | ||
| 700 |
_aგომეზ როდასი, ანამარია _920997 |
||
| 700 |
_aბობოქაშვილი, ზვიად _eრედაქტორი _912742 |
||
| 942 |
_2udc _cᲬᲘᲒᲜᲘ |
||